Szczegóły MARC21

Makroekonomia : podręcznik dla studentów uczelni wyższych. Cz.1, Porównania międzysystemowe /

003 -Nazwa inst., której nr kontr. jest w polu 001 [,]
    • @
    • Nazwa instytucji, której n kontrolny jest w polu 001
    • NUKAT
005 -DATA I CZAS OSTATNIEJ MODYFIKACJI [,]
    • @
    • pole kontrolne
    • 20241231100030.0
040 -Instytucja sporządzająca opis [ , ]
    • a
    • Instytucja, która sporządziła opis (NP)
    • LUBL KUL/EP
    • c
    • Instytucja, która sporządziła rekord (NP)
    • LUBL KUL/EP
    • d
    • Instytucja, która zmodyfikowała rekord (P)
    • LUBL KUL/MC
    • d
    • Instytucja, która zmodyfikowała rekord (P)
    • WA U/EBAs
942 -Rodzaj dokumentu [ , ]
    • c
    • Rodzaj dokumentu
    • Książka
100 -Hasło główne - nazwa osobowa [1, ]
    • a
    • Nazwa osobowa (NP)
    • Balicki, Władysław
    • d
    • Daty biograficzne (NP)
    • (1941-2019).
    • 9
    • KHW
    • 229177
245 -Strefa tytułu i oznaczenia odpowiedzialności [1,0]
    • a
    • Tytuł
    • Makroekonomia : Find
    • b
    • Ciąg dalszy tytułu (NP)
    • podręcznik dla studentów uczelni wyższych. Find
    • n
    • Oznaczenie części (P)
    • Cz.1,
    • p
    • Nazwa części (P)
    • Porównania międzysystemowe /
    • c
    • Pozostałe elementy strefy tytułu i oznaczenia odpowiedzialności (NP)
    • Władysław Balicki.
260 -Strefa adresu wydawniczego [ , ]
    • a
    • Miejsce wydania (P)
    • Poznań :
    • b
    • Nazwa wydawcy (P)
    • Katedra Makroekonomii Akademii Ekonomicznej,
    • c
    • Data wydania (P)
    • 1991.
300 -Strefa opisu fizycznego [ , ]
    • a
    • Określenie formy książki i/lub objętość (NP)
    • 288, [4] s., [2] s. tabl. złoż. :
    • b
    • Oznaczenie ilustracji (NP)
    • il., err. ;
    • c
    • Format (NP)
    • 20 cm.
336 -Typ zawartości [ , ]
    • a
    • Termin opisujący typ zawartości
    • Tekst
    • b
    • Kod określający zawartość
    • txt
    • 2
    • Źródło (terminu i kodu)
    • rdacontent
337 -Typ mediów [ , ]
    • a
    • Tryb odtwarzania
    • Bez urządzenia pośredniczącego
    • b
    • Kod typu mediów
    • n
    • 2
    • Źródło (terminu i kodu)
    • rdamedia
338 -Typ/rodzaj nośnika [ , ]
    • a
    • Hasło opisujące typ nośnika
    • Wolumin
    • b
    • Kod typu nośnika
    • nc
    • 2
    • Źródło (terminu i kodu)
    • rdacarrier
080 -Uniwersalna Klasyfikacja Dziesiętna [ , ]
    • a
    • Symbol klasyfikacji
    • 330.101.541
    • 9
    • UKD
    • 2946
    • 2
    • Identyfikator wydania tablic
    • UDC-P058
    • b
    • Dopowiedzenie
    • Makroekonomia.
080 -Uniwersalna Klasyfikacja Dziesiętna [ , ]
    • a
    • Symbol klasyfikacji
    • :371.671.1(0:378)
650 -Hasło przedmiotowe [ ,7]
    • a
    • Hasło przedmiotowe
    • Makroekonomia
    • v
    • Określnik formalny
    • podręczniki akademickie.
    • 2
    • Źródło terminu
    • kaba
    • 9
    • KHW
    • 354412
980 -Symbol UKD [ , ]
    • a
    • UKD
    • 330.101.541:371.671.1(0:378)
Numer inwentarzowy Status udost. Data inwentaryzacji Lokalizacja
E.60897-21996-04-10BE
S.7388321996-04-10BE
S.7388421996-04-10BE
S.73885-31996-04-10BE
S.7388621996-04-10BE
S.7388721996-04-10BE
S.7388821996-04-10BE
S.7388921996-04-10BE
TS.73890-111996-04-10T
TS.73891-111996-04-10T
TS.73892-111996-04-10T